000 00538nam a2200205Ia 4500
003 GCL
008 140319s9999 xx 000 0 eng d
040 _aGCL /
_cGCL
082 0 4 _a428.2
_bD T
100 1 _aDOFF ADRAIN
245 1 0 _aTEACH ENGLISH: A TRINING COURSE FOR TEACHERS /
_cDOFF ADRAIN
700 1 _aDOFF, ADRIAN
260 _a[S.N] :
_bCAMBRIDGE UNIVERSITY PRESS ،
_c1988
300 _a286 P
650 0 4 _aTEACHING
650 0 4 _aFOREIGN SPEAKERS
650 0 4 _aENGLISH LANGUAGE
650 0 4 _aSTUDYING
942 _2ddc
_cBK
999 _c24510
_d24510